| 000 | 00488nam a2200133Ia 4500 | ||
|---|---|---|---|
| 008 | 220615s9999||||xx |||||||||||||| ||und|| | ||
| 100 | _aAtkinson, Robert | ||
| 245 | 0 | _aDon't fear AI (Volume 2) | |
| 546 | _aEnglish[eng] | ||
| 650 | _aBusiness & Economics||Finance | ||
| 700 | _aEuropean Investment Bank | ||
| 856 | _uhttps://library.oapen.org/bitstream/20.500.12657/47436/1/QH0319400ENN.en.pdf||https://library.oapen.org/bitstream/20.500.12657/47436/1/QH0319400ENN.en.pdf | ||
| 942 | _cEB | ||
| 999 |
_c14057 _d14057 |
||